Countries Involved in the Franco-Prussian War - Statistics

General Stats
  • This quiz has been taken 80 times
  • The average score is 6 of 7
Answers on the Grid
Answers color-coded by a green-red scale on the quiz's grid according to % correct below.
Württemburg
United States
Saxony
Russia
Prussia
Mongolia
Mexico
Japan
Israel
India
Hesse
France
China
Britain
Bavaria
Baden
 
Answer Stats
Answer % Correct
France
100%
Prussia
100%
Bavaria
88%
Saxony
88%
Württemburg
86%
Baden
84%
Hesse
84%
No matching quizzes found
Score Distribution
Percent of People with Each Score
Percentile by Number Answered
Your Score History
You have not taken this quiz